000 00612nam a2200193Ia 4500
003 GCL
008 140319s9999 xx 000 0 ara d
040 _aGCL /
_cGCL
082 0 4 _a801.95
_bل د
100 1 _aلويس عوض
245 1 0 _aمقالات فى النقد والادب (هدية من الاديب عبدالفتاح الجمل) /
_cلويس عوض
260 _aالقاهرة :
_bمكتبة الانجلوالمصرية
300 _a392 ص
490 _a
650 0 4 _aالادب العربى
650 0 4 _aالبلاغة العربية
650 0 4 _aتاريخ ونقد
942 _2ddc
_cBK
999 _c41243
_d41243